| 000 | 00530nam a2200169Ia 4500 | ||
|---|---|---|---|
| 008 | 140609s9999 xx 000 0 und d | ||
| 020 | _a9780764144585 | ||
| 050 |
_aHV 2474 _b.Et999 2011 |
||
| 245 |
_aE-Z American sign language / _cDavid A. Stewart .. [et al.] ; illustrated by Beth Roberge Friedrichs |
||
| 250 | _a3rd ed. | ||
| 260 |
_aHauppauge, N.Y. : _bBarron’s Educational Series, _cc2011. |
||
| 300 |
_a496 p. : _bill. ; _c26 cm. |
||
| 500 | _aIncludes index. | ||
| 521 | _aGE | ||
| 942 |
_kFOR _cBK |
||
| 999 |
_c117945 _d117945 |
||